Các hợp chất thiên nhiên từ các dược thảo phòng và chữa một số bệnh hô hấp và tiêu hóa

Nội dung sách giới thiêu các hợp chất thiên nhiên từ các thảo dược phòng và chữa một số bệnh hệ hô hấp, các hợp chất thiên nhiên từ thảo dược phòng và chữa một số bệnh hệ tiêu hóa....

Πλήρης περιγραφή

Αποθηκεύτηκε σε:
Λεπτομέρειες βιβλιογραφικής εγγραφής
Κύριος συγγραφέας: Đái Duy Ban
Μορφή: Βιβλίο
Γλώσσα:Vietnamese
Έκδοση: H. Khoa học và Kỹ thuật 2010
Θέματα:
Ετικέτες: Προσθήκη ετικέτας
Δεν υπάρχουν, Καταχωρήστε ετικέτα πρώτοι!
Thư viện lưu trữ: Thư viện Trường Đại học Nam Cần Thơ
LEADER 01107nam a22001937a 4500
001 NCT_140014
008 180522b xxu||||| |||| 00| 0 vie d
999 |c 7214  |d 7214 
020 |c 19000 
082 0 4 |2 23rd ed.  |a 615.32  |b B105 
100 1 |a Đái Duy Ban 
245 1 0 |a Các hợp chất thiên nhiên từ các dược thảo phòng và chữa một số bệnh hô hấp và tiêu hóa  |c Đái Duy Ban  
260 |a H.  |b Khoa học và Kỹ thuật  |c 2010 
300 |a 95 tr.  |b Minh họa  |c 24 cm 
520 3 |a Nội dung sách giới thiêu các hợp chất thiên nhiên từ các thảo dược phòng và chữa một số bệnh hệ hô hấp, các hợp chất thiên nhiên từ thảo dược phòng và chữa một số bệnh hệ tiêu hóa. 
653 |a Dược học 
942 |2 ddc  |c BK 
952 |0 0  |1 0  |2 ddc  |4 0  |6 615_320000000000000_B105  |7 0  |9 25929  |a 000001  |b 000001  |d 2022-07-30  |o 615.32 B105  |p MD.20480  |r 2022-07-30  |v 19000.00  |w 2022-07-30  |y BK 
980 |a Thư viện Trường Đại học Nam Cần Thơ